Statistics for U.S. States With the Most Taco Bell Locations

Click here to take the quiz!

General Stats

  • This quiz has been taken 26 times
  • The average score is 11 of 14

Answer Stats

LocationsState% Correct
872California
100%
692Texas
100%
470Florida
96%
248New York
96%
262Georgia
84%
264North Carolina
84%
288Illinois
76%
321Michigan
76%
256Tennessee
76%
397Ohio
72%
218Virginia
72%
234Missouri
64%
202Pennsylvania
64%
256Indiana
56%

Score Distribution

Percentile by Number Answered

Percent of People with Each Score

Your Score History

You have not taken this quiz